Normal view
MARC view
- Mokhtar Ahmad
Entry Personal Name
001 - CONTROL NUMBER
- control field: 81
003 - CONTROL NUMBER IDENTIFIER
- control field: OSt
005 - DATE AND TIME OF LATEST TRANSACTION
- control field: 20170413114801.0
008 - FIXED-LENGTH DATA ELEMENTS
- fixed length control field: 170413|| aca||aabn | a|a d
040 ## - CATALOGING SOURCE
- Original cataloging agency: OSt
- Transcribing agency: OSt
100 ## - HEADING--PERSONAL NAME
- Personal name: Mokhtar Ahmad
670 ## - SOURCE DATA FOUND
- Source citation: Work cat.: (OSt)0: Mahathir Mohamad, Tun, 1925- 41, Globalisasi, perkongsian pintar dan kerajaan /, 2003

PORTAL AKMAL
E-MEL JKDM
AKMAL2U
G-BAM
u-PUSTAKA